Los premios
Historia que gira en torno a un crucero de nombre Malcolm en el que un grupo de personas viajan por motivo de una premiación, a la que fueron invitados. La travesía, se ve envuelta en un misterio que desean descubrir los personajes y que los lleva a la exploración de sí mismos y del grupo con el ob...
Spremljeno u:
| Glavni autor: | |
|---|---|
| Format: | Knjiga |
| Jezik: | Undetermined |
| Izdano: |
Buenos Aires, Argentina
Editorial Sudamericana
1975
|
| Izdanje: | 14 |
| Teme: | |
| Oznake: |
Dodaj oznaku
Bez oznaka, Budi prvi tko označuje ovaj zapis!
|
MARC
| LEADER | 00000nam a2200000Ia 4500 | ||
|---|---|---|---|
| 008 | 170316s9999 xx 000 0 und d | ||
| 040 | |a cru BVZT | ||
| 090 | |a 860 C-43p | ||
| 100 | |a Cortázar, Julio |9 1364 | ||
| 245 | |a Los premios | ||
| 250 | |a 14 | ||
| 260 | |a Buenos Aires, Argentina | ||
| 260 | |b Editorial Sudamericana | ||
| 260 | |c 1975 | ||
| 300 | |a 425páginas | ||
| 520 | |a Historia que gira en torno a un crucero de nombre Malcolm en el que un grupo de personas viajan por motivo de una premiación, a la que fueron invitados. La travesía, se ve envuelta en un misterio que desean descubrir los personajes y que los lleva a la exploración de sí mismos y del grupo con el objetivo de resolver el misterio. | ||
| 650 | |a LITERATURA LATINOAMERICANA |9 15 | ||
| 999 | |c 8545 |d 8545 | ||
| 942 | |c 15 D |h 860 C-43p |2 z | ||
